| 000 | 00395nam a2200145Ia 4500 | ||
|---|---|---|---|
| 008 | 210719s1963 xx 000 0 und d | ||
| 041 | _aeng | ||
| 082 | _a320.513 SMID | ||
| 100 | _aSMITH (T V) and LINDEMAN (Eduard C) | ||
| 245 | _aDemocratic way of life: an american interpretation. | ||
| 260 |
_aUSA _bMentor book _c1963 |
||
| 300 |
_a128 _bPB |
||
| 365 | _cRs | ||
| 650 | _aPolitical Thought | ||
| 999 |
_c212713 _d212713 |
||